000 01893cam a22003734a 4500
001 14357163
003 ARRUPE
005 20151112085446.0
008 060428s2006 mnua b 001 0 eng
010 _a 2006014299
020 _a0800638301 (alk. paper)
020 _a9780800638306
035 _a(OCoLC)ocm68624004
035 _a(OCoLC)68624004
040 _aDLC
_cDLC
_dYDXCP
_dBAKER
_dOCLCQ
_dBTCTA
_dDLC
042 _apcc
050 0 0 _aBS2615.52
_b.E75 2006
082 0 0 _a226.6/067
_222
100 1 _aEsler, Philip Francis.
_912175
245 1 0 _aLazarus, Mary and Martha :
_bsocial-scientific approaches to the Gospel of John /
_cPhilip F. Esler and Ronald A. Piper.
250 _a1st Fortress Press ed.
260 _aMinneapolis, MN :
_bAugsburg Fortress,
_c2006.
300 _avi, 201 p. :
_bcol. ill. ;
_c22 cm.
504 _aIncludes bibliographical references (p. 178-191) and index.
505 0 _aLazarus, Martha, and Mary: reframing the discussion -- Social identity and prototypes: a social-scientific model for historical and theological application -- Johannine processing of the past in relation to Lazarus, Mary and Martha -- Lazarus, Martha, and Mary as prototypes of those whom Jesus loves -- The raising of Lazarus from the dead as prototypical -- The raising of Lazarus in early Christian art -- A theological conclusion: the raising of Lazarus and Christian identity.
600 0 0 _aLazarus,
_cof Bethany, Saint.
_920948
600 0 0 _aMartha,
_cSaint.
_920949
600 0 0 _aMary,
_cof Bethany, Saint.
_920950
630 0 0 _aBible.
_pJohn
_xSocial scientific criticism.
_920951
700 1 _aPiper, Ronald A.
_q(Ronald Allen),
_d1948-
_920952
906 _a7
_bcbc
_corignew
_d1
_eecip
_f20
_gy-gencatlg
942 _2lcc
_cMONOGRAPH
999 _c123744
_d123744